[Event "Scarborough CC Spring Into Summer U1700"]
[Site "Toronto"]
[Date "2011.05.19"]
[Round "3"]
[White "Patel, Shivkumar H"]
[Black "Krishnakumar, Agahash"]
[Result "1-0"]
[WhiteElo "865"]
[BlackElo "688"]
[PlyCount "54"]
[EventDate "2011.04.28"]
[EventType "swiss"]
[EventRounds "9"]
[EventCountry "CAN"]
[SourceTitle "EXT 2022"]
[Source "ChessBase"]
[SourceDate "2021.10.06"]
[SourceVersion "1"]
[SourceVersionDate "2021.10.06"]
[SourceQuality "1"]

1. d4 d5 2. Nf3 e6 3. Bg5 f6 4. Bc1 Nc6 5. e3 e5 6. dxe5 fxe5 7. Bb5 a6 8. Bxc6+ bxc6 9. Nxe5 Qd6 10. Qd4 Be7 11. e4 Bf6 12. Bf4 g5 13. g3 gxf4 14. gxf4 c5 15. Qa4+ Bd7 16. Nxd7 Qxd7 17. Nc3 d4 18. Qxd7+ Kxd7 19. Nd5 Bg7 20. Rg1 Bh6 21. c3 Bxf4 22. Rg7+ Kd6 23. Nxf4 Re8 24. f3 dxc3 25. bxc3 Ke5 26. Rxc7 Nf6 27. Rb1 Rhg8 1-0